Conference League Clubs 2025/26 - Statistieken

Algemene statistieken
  • Deze quiz is 9 keer genomen
  • De gemiddelde score is 8 van 36
Antwoordstatistieken
Clubs % Correct
AZ
83%
Crystal Palace
67%
Fiorentina
67%
Mainz
67%
AEK Athene
33%
Lausanne
33%
Legia
33%
Noah
33%
Shakhtar Donetsk
33%
Slovan Bratislava
33%
Sparta Praag
33%
Aberdeen
17%
AEK Larnaca
17%
Breidablik
17%
Craiova
17%
Drita
17%
Dynamo Kiev
17%
Hacken
17%
Hamrun
17%
Jagiellonia
17%
KUPS
17%
Lech Poznan
17%
Lincoln
17%
Rayo Vallecano
17%
Shamrock Rovers
17%
Shelbourne
17%
Shkendija
17%
Sigma Olomouc
17%
Strasbourg
17%
Zrinsjki
17%
Celje
0%
Omonia
0%
Rakow
0%
Rapid Wien
0%
Rijeka
0%
Samsunspor
0%
Geen overeenkomende quizzen gevonden
Scoreverdeling
Procent van Mensen met Elke Score
Percentiel versus Aantal Correcte Antwoorden
Uw Scoregeschiedenis
U heeft deze quiz nog niet genomen